00572nam a2200205 a 4500001001300000003000900013005001700022008004100039020002300080082001800103100002300121245006800144260005500212300000900267500003500276505001000311650001200321650001000333700002300343nice12345678IN_TiNIC20260116013736.0050524s1996 newa grp 000 0 eng  a8121519 c26000a294.5921bBAL aBalasubramanian, R aPrimal Spirituality of the Vedasb It`s Renewal and Renaissance aNew Delhi bMunshiram Manoharlal Publishers c1996 a231p aincludes index and biblioraphy2 aIndex aVedanta aVedas1 aBalasubramanian, R